Statistieken voor Landen per satellietbeeld #2

Klik hier om de quiz te nemen!

Algemene statistieken

  • Deze quiz is 419 keer genomen
  • De gemiddelde score is 12 van 16

Antwoordstatistieken

Antwoord% Correct
Egypte
98%
Nederland
97%
Zuid-Afrika
97%
Cyprus
96%
Iran
88%
Cuba
86%
Finland
79%
Israël
77%
Nepal
74%
Bangladesh
70%
Singapore
64%
Noord-Korea
63%
Ecuador
61%
Koeweit
60%
Bahrein
58%
Guinee-Bissau
46%

Scoreverdeling

Percentiel versus Aantal Correcte Antwoorden

Procent van Mensen met Elke Score

Uw Scoregeschiedenis

U heeft deze quiz nog niet genomen